000 00325nam a2200121Ia 4500
008 190216s9999||||xx |||||||||||||| ||und||
100 _aPuri B.R & Sharma.L.R
245 0 _aPrinciples Of Inorganic Chemistry
260 _bVallabh Publications
_c2004
300 _a1488
650 _aInorganic Chemistry
942 _cBK
999 _c3162
_d3162